00600nam a2200169 i 450000100060000000300090000600500170001500700030003200800410003510000330007624500940010926000680020330000210027150000400029271000740033285200240040677077ES-MaACL20230906173059.0t|041006s1932 sp ||||1| spa d1 aGutiérrez Alfaro, Antonio.10aNuestro idioma en la Argentina / cconferencia pronunciada por Antonio Gutiérez Alfaro. aJerez de la Frontera : b[s.n.], c1932 (fTip. de M. Martín) a32 p. ; c32 cm. aPrecede al tít.: Ateneo Jerezano.2 aAteneo Científico, Literario y Artístico de Jerez de la Frontera. aES-MaACLj1758-F-19